Utilisateurs de VENT dans les mangas - Mort Subite - Statistiques

Statistiques générales
  • Ce quiz a été pris 43 fois
  • Le résultat moyen est 4 sur 11
Answers on the Grid
Answers color-coded by a green-red scale on the quiz's grid according to % correct below.
Aang
Wendy Marvell
Temari Nara
Naruto Uzumaki
Yuno
Weather Report
Kagura
Asuma Sarutobi
Wham
Kensei Muguruma
Ren Kouha
Ryohei Sasagawa
Mineta Minoru
Charlotte Linlin
Armin Arlert
Ryo Saeba
Fuuka Akitsuki
Shenron
Tobio Kageyama
Furinji Hayato
Kira Yoshikage
Crocodile
 
Statistiques - réponses
Réponse % Correct
Naruto Uzumaki
79%
Aang
50%
Asuma Sarutobi
43%
Temari Nara
43%
Wendy Marvell
39%
Yuno
39%
Weather Report
32%
Kensei Muguruma
11%
Kagura
7%
Wham
7%
Ren Kouha
0%
Aucun quiz correspondant
Distribution des résultats
% des personnes avec chaque résultat
Percentile par nombre de réponses
Votre historique - résultats
Vous n’avez pas pris ce quiz